Escena/ (Record no. 3454)

MARC details
000 -LEADER
campo de control de longitud fija 01756nam a22003857a 4500
003 - IDENTIFICADOR DE NÚMERO DE CONTROL
campo de control OSt
005 - FECHA Y HORA DE LA ÚLTIMA TRANSACCIÓN
campo de control 20230424095713.0
008 - DATOS DE LONGITUD FIJA--INFORMACIÓN GENERAL
campo de control de longitud fija 221006b |||||||| |||| 00| 0 eng d
040 ## - FUENTE DE CATALOGACIÓN
Centro/agencia transcriptor Biblioteca Lado V
082 ## - NÚMERO DE LA CLASIFICACIÓN DECIMAL DEWEY
Número de clasificación 792.05
Número de ítem G143e
100 ## - ENTRADA PRINCIPAL--NOMBRE DE PERSONA
9 (RLIN) 812
Nombre de persona Gainza, Gaston
Término indicativo de función/relación editor
245 ## - MENCIÓN DEL TÍTULO
Título Escena/
Resto del título Revista de las Artes/
260 ## - PUBLICACIÓN, DISTRIBUCIÓN, ETC.
Nombre del editor, distribuidor, etc. Universidad de Costa Rica
-- Vicerrectoria de acción social
Fecha de publicación, distribución, etc. 2009
Lugar de publicación, distribución, etc. Costa Rica
300 ## - DESCRIPCIÓN FÍSICA
Dimensiones 21x28cm
Extensión 130p.
490 ## - MENCIÓN DE SERIE
Designación de volumen o secuencia 2009
-- 32
Número Internacional Normalizado para Publicaciones Seriadas 1409 2522
Mención de serie 64
505 ## - NOTA DE CONTENIDO CON FORMATO
Título Editorial
505 ## - NOTA DE CONTENIDO CON FORMATO
Título Arquitectura y Urbanismo
Nota de contenido con formato La descentralización vanguardista
505 ## - NOTA DE CONTENIDO CON FORMATO
Título Artes Escenicas
Nota de contenido con formato CAOSMOS<br/><br/>Dramaturgia costarricense contemporanea emergente
505 ## - NOTA DE CONTENIDO CON FORMATO
Título Artes Musicales
Nota de contenido con formato Bebop y Charlie Parker: Revolución y Evolución<br/><br/>El pensamiento del músico Gaspar Agüero Barreras
505 ## - NOTA DE CONTENIDO CON FORMATO
Título Artes Visuales
Nota de contenido con formato Manifiestos Subyacentes de la obra
505 ## - NOTA DE CONTENIDO CON FORMATO
Título Producción Audiovisual
Nota de contenido con formato La otra producción Visual de Bigas Luna
505 ## - NOTA DE CONTENIDO CON FORMATO
Título Seccion Rescate
Nota de contenido con formato Mensaje de Arte
505 ## - NOTA DE CONTENIDO CON FORMATO
Título Semiotica
Nota de contenido con formato Los simpson como Sensibilidad y Concepto<br/><br/>Somos simples decidores de palabras...
505 ## - NOTA DE CONTENIDO CON FORMATO
Título Teatro
Nota de contenido con formato Ayleen y Hussein
650 ## - PUNTO DE ACCESO ADICIONAL DE MATERIA--TÉRMINO DE MATERIA
Fuente del encabezamiento o término Tesauro de Arte & Arquitectura
Término de materia o nombre geográfico como elemento de entrada ARTE
9 (RLIN) 703
650 ## - PUNTO DE ACCESO ADICIONAL DE MATERIA--TÉRMINO DE MATERIA
Fuente del encabezamiento o término Tesauro de Arte & Arquitectura
Término de materia o nombre geográfico como elemento de entrada HISTORIA
650 ## - PUNTO DE ACCESO ADICIONAL DE MATERIA--TÉRMINO DE MATERIA
Fuente del encabezamiento o término Tesauro de Arte & Arquitectura
Término de materia o nombre geográfico como elemento de entrada ARTE COSTARRICENSE
650 ## - PUNTO DE ACCESO ADICIONAL DE MATERIA--TÉRMINO DE MATERIA
Fuente del encabezamiento o término Tesauro de Arte & Arquitectura
Término de materia o nombre geográfico como elemento de entrada CULTURA
650 ## - PUNTO DE ACCESO ADICIONAL DE MATERIA--TÉRMINO DE MATERIA
Fuente del encabezamiento o término Tesauro de Arte & Arquitectura
Término de materia o nombre geográfico como elemento de entrada ARTE LATINOAMERICANO
650 ## - PUNTO DE ACCESO ADICIONAL DE MATERIA--TÉRMINO DE MATERIA
Fuente del encabezamiento o término Tesauro de Arte & Arquitectura
Término de materia o nombre geográfico como elemento de entrada TEORIA
650 ## - PUNTO DE ACCESO ADICIONAL DE MATERIA--TÉRMINO DE MATERIA
Fuente del encabezamiento o término Tesauro de Arte & Arquitectura
Término de materia o nombre geográfico como elemento de entrada CRITICA
650 ## - PUNTO DE ACCESO ADICIONAL DE MATERIA--TÉRMINO DE MATERIA
Fuente del encabezamiento o término Tesauro de Arte & Arquitectura
Término de materia o nombre geográfico como elemento de entrada TEATRO
650 ## - PUNTO DE ACCESO ADICIONAL DE MATERIA--TÉRMINO DE MATERIA
Fuente del encabezamiento o término Tesauro de Arte & Arquitectura
Término de materia o nombre geográfico como elemento de entrada COSTA RICA
942 ## - ELEMENTOS DE ENTRADA SECUNDARIOS (KOHA)
Fuente del sistema de clasificación o colocación Clasificación Decimal Dewey
Tipo de ítem Koha Libros
Parte de la signatura que corresponde a la clasificación (Parte de la clasificación) 792.05
Parte de la signatura que identifica el ejemplar (Parte del ítem) G143e
Suprimir en OPAC No
Holdings
Estatus retirado Estado de pérdida Fuente del sistema de clasificación o colocación Especificación de materiales (volumen encuadernado u otra parte) Estado de daño No para préstamo Colección Biblioteca de origen Biblioteca actual Fecha de adquisición Enumeración/cronología de publicación seriada Número de inventario Total de préstamos Signatura topográfica completa Código de barras Visto por última vez Precio de reemplazo Tipo de ítem Koha
    Clasificación Decimal Dewey 32     Revistas Biblioteca LadoV Biblioteca LadoV 24/04/2023 64 003586   792.05 G143e 003586 24/04/2023 24/04/2023 Libros